Pide un deseo / (Record no. 30872)

MARC details
000 -LEADER
fixed length control field 01708cam a2200469Ii 4500
001 - CONTROL NUMBER
control field 904717671
003 - CONTROL NUMBER IDENTIFIER
control field OSt
005 - DATE AND TIME OF LATEST TRANSACTION
control field 20250310084920.0
008 - FIXED-LENGTH DATA ELEMENTS--GENERAL INFORMATION
fixed length control field 150311s2014 nyua j 000 1 spa d
020 ## - INTERNATIONAL STANDARD BOOK NUMBER
International Standard Book Number 9781472354846
020 ## - INTERNATIONAL STANDARD BOOK NUMBER
International Standard Book Number 1472354842
035 ## - SYSTEM CONTROL NUMBER
System control number (OCoLC)904717671
035 ## - SYSTEM CONTROL NUMBER
System control number 1344426
035 ## - SYSTEM CONTROL NUMBER
System control number (OCoLC)ocn904717671
035 ## - SYSTEM CONTROL NUMBER
System control number (Pol)1344426
035 ## - SYSTEM CONTROL NUMBER
System control number 1374257
035 ## - SYSTEM CONTROL NUMBER
System control number 1374257
040 ## - CATALOGING SOURCE
Original cataloging agency SO$
Language of cataloging eng
Description conventions rda
Transcribing agency SO$
Modifying agency SAP
-- DPL
041 1# - LANGUAGE CODE
Language code of text/sound track or separate title spa
Language code of original eng
099 ## - LOCAL FREE-TEXT CALL NUMBER (OCLC)
Classification number jE
-- BROWN
-- SPANISH
100 1# - MAIN ENTRY--PERSONAL NAME
Personal name Brown, Margaret Wise,
Dates associated with a name 1910-1952,
Relator term author.
240 10 - UNIFORM TITLE
Uniform title <a href="Wish upon a dream.">Wish upon a dream.</a>
Language of a work Spanish.
245 10 - TITLE STATEMENT
Title Pide un deseo /
Statement of responsibility, etc. Margaret Wise Brown ; ilustraciones de Charlotte Cooke.
264 #1 - PRODUCTION, PUBLICATION, DISTRIBUTION, MANUFACTURE, AND COPYRIGHT NOTICE
Place of production, publication, distribution, manufacture New York :
Name of producer, publisher, distributor, manufacturer Parragon,
Date of production, publication, distribution, manufacture, or copyright notice 2014.
300 ## - PHYSICAL DESCRIPTION
Extent 1 volume (unpaged) :
Other physical details color illustrations ;
Dimensions 30 cm.
336 ## - CONTENT TYPE
Content type term text
Content type code txt
Source rdacontent.
336 ## - CONTENT TYPE
Content type term still image
Content type code sti
Source rdacontent.
337 ## - MEDIA TYPE
Media type term unmediated
Media type code n
Source rdamedia.
338 ## - CARRIER TYPE
Carrier type term volume
Carrier type code nc
Source rdacarrier.
520 ## - SUMMARY, ETC.
Summary, etc. "Ya es de noche, duerme peque©ło, y viaja tranquilo al reino de los sue©łos. Explora el m©Łgico mundo de tus sue©łos preferidos. Qu©♭ quieres so©łar hoy? Un tesoro oculto de Margaret Wise Brown, autora de los clasicos infantiles Buenas noches, luna y El conejito andarin."--Amazon.
546 ## - LANGUAGE NOTE
Language note Text in Spanish.
650 #0 - SUBJECT ADDED ENTRY--TOPICAL TERM
Topical term or geographic name as entry element Bedtime
Form subdivision Juvenile fiction.
650 #0 - SUBJECT ADDED ENTRY--TOPICAL TERM
Topical term or geographic name as entry element Children's dreams
Form subdivision Juvenile fiction.
650 #1 - SUBJECT ADDED ENTRY--TOPICAL TERM
Topical term or geographic name as entry element Spanish language materials.
655 #0 - INDEX TERM--GENRE/FORM
Genre/form data or focus term Stories in rhyme.
655 #7 - INDEX TERM--GENRE/FORM
Genre/form data or focus term Cuentos en rima.
655 #7 - INDEX TERM--GENRE/FORM
Genre/form data or focus term Picture books.
Source of term lcgft.
655 #7 - INDEX TERM--GENRE/FORM
Genre/form data or focus term Libros ilustrados.
Source of term tgfbne.
700 1# - ADDED ENTRY--PERSONAL NAME
Personal name Cooke, Charlotte,
Relator term illustrator.
907 ## - LOCAL DATA ELEMENT G, LDG (RLIN)
a .b35578466x
942 ## - ADDED ENTRY ELEMENTS (KOHA)
Koha item type Libro/Book
Holdings
Withdrawn status Lost status Damaged status Not for loan Home library Current library Shelving location Date acquired Inventory number Total Checkouts Full call number Barcode Date last seen Date checked out Price effective from Koha item type
        San Juan Del Sur -- Biblioteca San Juan Del Sur -- Biblioteca Children's Area 10/03/2025 Inventory date: 15-5-25 6 JI 30023000 26/03/2026 13/03/2026 10/03/2025 Libro/Book

Powered by Koha